| Поле | Инд. | ПП | Название | Значение |
|---|---|---|---|---|
| Тип записи | a | |||
| Библиографический уровень | m | |||
| 001 | _ | Контрольный номер | RU/URAIT/469856 | |
| 005 | _ | Дата корректировки | 20250915104058.6 | |
| 008 | Кодируемые данные | 170214s2021 RU y f j 000 0 rus u | ||
| 020 | a | ISBN | 978-5-534-00116-7 | |
| c | Цена, тираж | 619.00 | ||
| 040 | a | Служба первич. каталог. | ИКО Юрайт | |
| c | Служба, преобразующая запись | ИКО Юрайт | ||
| e | Правила каталог. | RCR | ||
| 041 | a | Код языка текста | rus | |
| 044 | a | Код страны публикации | RU | |
| 080 | a | Индекс УДК | 159.9(075.8) | |
| 084 | 2 | Источник индекса | rubbk | |
| a | Индекс другой классификации/Индекс ББК | 88.3я73 | ||
| 100 | 1_ | a | Автор | Иванников Вячеслав Андреевич |
| q | Полное имя | Вячеслав Андреевич | ||
| 245 | a | Заглавие | Введение в психологию | |
| b | Продолж. заглавия | Учебник для вузов | ||
| c | Ответственность | Иванников В. А. | ||
| 256 | a | Характеристики компьютерного файла | Электрон. дан. | |
| 260 | a | Место издания | Москва | |
| b | Издательство | Юрайт | ||
| c | Дата издания | 2021 | ||
| 300 | a | Объем | 234 с | |
| 440 | a | Серия | Высшее образование | |
| 500 | a | Примечание | URL: https://urait.ru/bcode/469856 (дата обращения: 23.11.2021). | |
| 520 | a | Аннотация | Предлагаемый учебник подготовлен на основе лекционного курса, который автор читает на факультете психологии МГУ им. М. В. Ломоносова. Главное предназначение учебника — дать будущему бакалавру основы психологии, сформировать у студентов профессиональное мышление психолога. Поэтому основное внимание уделяется не изложению фактов и теорий, а логике поиска адекватных решений различных проблем психологии. Большое место уделяется анализу основных понятий психологии, их способу введения в науку, изменениям их содержания в истории. Психология представлена автором как незавершенная наука, в которой есть место для собственных размышлений и предложений студента, начинающего изучать психологию. Каждая глава издания содержит резюме и контрольные вопросы, которые помогут обучающимся закрепить полученные знания. | |
| 538 | a | Прим. о системных особенностях | Режим доступа: Электронно-библиотечная система Юрайт, для авториз. пользователей | |
| 653 | a | Ключевые слова | Психология | |
| 653 | a | Ключевые слова | Педагогика, психология, социальная работа | |
| 653 | a | Ключевые слова | Введение в специальность | |
| 653 | a | Ключевые слова | Психология | |
| 653 | a | Ключевые слова | Основы психологии | |
| 653 | a | Ключевые слова | Психология вокруг нас | |
| 653 | a | Ключевые слова | Введение в психологию | |
| 856 | 40 | u | URL | https://urait.ru/bcode/469856 |
| x | Примечание для ЭОР | https://urait.ru/book/cover/782ADFF7-3E8F-4E5C-B1D1-E2DE00F46523 | ||
| z | Примечание для пользователя | Участвует в КО | ||
| 856 | 41 | u | URL | https://urait.ru/book/cover/782ADFF7-3E8F-4E5C-B1D1-E2DE00F46523 |